| 000 | 00973nam a22002657a 4500 | ||
|---|---|---|---|
| 001 | 03212 | ||
| 003 | HDC | ||
| 007 | cr bn --- | ||
| 008 | 210104b20132013xxu||||| |||| 00| 0 eng d | ||
| 040 | _aHDC | ||
| 100 |
_aShakona, Maloud Yousif _eauthor _92185 |
||
| 245 | 4 |
_aThe Influence of Religiosity on the Intention of United States Muslim Tourists to Choose a Shariah Compliant Hotel _c/ Maloud Yousif Shakona |
|
| 260 |
_aUnited States: _bClemson University, _c2013 |
||
| 300 | _a1 online resource (236 pages) | ||
| 336 |
_atext _2rdacontent |
||
| 337 |
_acomputer _2rdamedia |
||
| 338 |
_aonline resource _2rdacarrier |
||
| 500 |
_aOriginally presented as: Thesis (Ph. D.)--Clemson University, 2013 (xii, 223 pages) _aIncludes bibliographical references |
||
| 650 |
_aHospitality industry _zUnited States _92186 |
||
| 650 |
_aTourism _xReligious aspects _xIslam _9633 |
||
| 710 |
_aClemson University _eissuing body |
||
| 942 | _2lcc | ||
| 942 | _cTHE | ||
| 942 | _kTHES 000109 | ||
| 999 |
_c598 _d598 |
||